[Event "Muensterland Verbandsklasse 1617"]
[Site "Germany"]
[Date "2017.02.11"]
[Round "6.1"]
[White "Da Costa Campos, Andre"]
[Black "Fuisting, Dominik"]
[Result "1/2-1/2"]
[WhiteElo "1909"]
[BlackElo "1719"]
[PlyCount "76"]
[EventDate "2016.09.24"]
[EventType "team"]
[EventRounds "9"]
[EventCountry "GER"]
[SourceTitle "EXT 2018"]
[Source "ChessBase"]
[SourceDate "2017.10.13"]
[SourceVersion "1"]
[SourceVersionDate "2017.10.13"]
[SourceQuality "1"]
[WhiteTeam "Nienberge II"]
[BlackTeam "Beelen II"]
[WhiteTeamCountry "GER"]
[BlackTeamCountry "GER"]

1. e4 c6 2. d4 d5 3. exd5 cxd5 4. c4 Nc6 5. Nf3 Bg4 6. Be3 Nf6 7. Nc3 e6 8. c5 Be7 9. Be2 0-0 10. a3 a6 11. 0-0 Ne4 12. Na4 Nf6 13. Nb6 Ra7 14. b4 Nd7 15. Nxd7 Qxd7 16. h3 Bf5 17. Re1 Bf6 18. Bd3 Bxd3 19. Qxd3 Qc7 20. Rab1 Rfa8 21. Ng5 g6 22. Nf3 Kg7 23. Bg5 Bxg5 24. Nxg5 Qf4 25. Nf3 h5 26. g3 Qf6 27. Kg2 Qd8 28. h4 b5 29. Ng5 Qf6 30. Rbd1 Rb7 31. Re3 a5 32. Rf3 Qd8 33. Re1 Qe8 34. Qd2 axb4 35. axb4 Ra4 36. Qf4 Qe7 37. Qd2 Qe8 38. Qf4 Qe7 1/2-1/2

[Event "Muensterland Verbandsliga 1314"]
[Site "Germany"]
[Date "2014.05.03"]
[Round "9.8"]
[White "Thesing, Gregor"]
[Black "Fuisting, Dominik"]
[Result "1/2-1/2"]
[WhiteElo "1656"]
[BlackElo "1600"]
[PlyCount "31"]
[EventDate "2013.09.07"]
[EventType "team-tourn"]
[EventRounds "9"]
[EventCountry "GER"]
[SourceTitle "EXT 2015"]
[Source "ChessBase"]
[SourceDate "2014.11.20"]
[SourceVersion "1"]
[SourceVersionDate "2014.11.20"]
[SourceQuality "1"]
[WhiteTeam "Heiden"]
[BlackTeam "Beelen"]
[WhiteTeamCountry "GER"]
[BlackTeamCountry "GER"]

1. e4 c6 2. Nf3 d5 3. exd5 cxd5 4. d4 Bf5 5. Bd3 Bxd3 6. Qxd3 Nc6 7. c3 e6 8. 0-0 Nf6 9. Bg5 Be7 10. Nbd2 0-0 11. Rfe1 Rc8 12. h3 Ne8 13. Bxe7 Nxe7 14. a3 Nd6 15. Nh2 Qb6 16. Rab1 1/2-1/2